| 000 | 00485nam a22001697a 4500 | ||
|---|---|---|---|
| 003 | NUST - PNEC | ||
| 005 | 20170116181131.0 | ||
| 008 | 151006b xxu||||| |||| 00| 0 eng d | ||
| 020 | _a0761932569 | ||
| 040 | _cLIBRARY | ||
| 082 | _a658.827 KAP | ||
| 100 |
_913992 _aKapoor, Jagdeep |
||
| 245 |
_a9 brand shaastras : nine successful brand strategies to build winning brands _cJagdeep Kapoor |
||
| 260 | _cc.2004 | ||
| 650 |
_913993 _aBranding (Marketing) _xMIS |
||
| 942 |
_2ddc _cBK |
||
| 999 |
_c69987 _d69987 |
||